Állati nyelvek

Bibliographic Details
Main Author: Németh, Zoltán, 1970- (Author)
Other Authors: Csorján, Melitta (Illustrator)
Format: Article
Language:Hungarian
Subjects:

MARC

LEADER 00000nab a2200000 a 4500
001 vtls008155015
003 SK-MaSNL
005 20260304020255.0
008 250115c2004 xo |||||||| |000 b|hun
015 |a SNBRB2005/05  |2 snkbucl 
038 |a SNKBUCL 
040 |a DSZK  |b slo  |c DSZK  |e AACR2 
041 0 |a hun 
044 |a xo  |c SK 
080 |a 821.511.141 (437.6)-1=511.141  |2 UDC-MRF-SK2 
100 1 |a Németh, Zoltán,  |d 1970-  |4 aut  |9 102330 
245 1 0 |a Állati nyelvek  |c Németh Zoltán ; illusztrálta Csorján Melitta 
300 |b Obr. 
500 |a Obsahuje: A krokodil könnyei ; A lúd érzelmei ; Madarak női combja 
655 7 |a maďarská poézia  |2 snkbucl  |9 70602 
700 1 |a Csorján, Melitta  |4 ill  |9 562914 
740 0 2 |a A krokodil könnyei 
740 0 2 |a A lúd érzelmei 
740 0 2 |a Madarak női combja 
773 0 |t Szőrös kő  |g Évf. 10, sz. 1 (2005), o. 1-3  |x 1335-6321 
850 |a Slovenská národná knižnica 
852 |a Slovenská národná knižnica 
958 |a HU 
958 |a SK 
958 |a LX 
999 |c 2597621  |d 2599551